banner-ar

living with heritage in cairo : (Record no. 60689)

MARC details
000 -الفاتح
حقل البيانات ثابتة الطول 00625nam a22001937a 4500
005 - وقت وتاريخ اخر تعامل مع التسجيلة
رقم الضبط 20240530110423.0
008 - عناصر البيانات ثابتة الطول - معلومات عامة
حقل البيانات ثابتة الطول 150314s2009 ua ao f 000 0 ara d
020 ## - الرقم الدولى المعيارى للكتب
الرقم الدولى المعيارى للكتاب 9774162459
040 ## - مصدر الفهرسة
وكالة الفهرسة الأصلية EG-CaGPL
وكالة النسخ EG-CaGPL
082 04 - رقم تصنيف ديوى العشرى
رقم الطبعة 21
رقم التصنيف 723.3
رقم المادة CC/A L
100 0# - المدخل الرئيسى - إسم شخصى
الإسم الشخصى Ahmed sedky
245 10 - بيان العنوان
العنوان living with heritage in cairo :
بقية العنوان Area Conservation in the Arab-Islamic City /
بيان المسئوليه,etc Ahmed sedky
260 ## - PUBLICATION, DISTRIBUTION, ETC. (IMPRINT)
تاريخ النشر أو التوزيع The American University in Cairo Press,
مكان الصناعة 2009
300 ## - الوصف المادى
التعداد 305 p. :
تفاصيل ماديه اخرى للوعاء ill. ;
أبعاد الوعاء 24 cm.
504 ## - تبصرة ببليوجرافية
تبصرة ببليوجرافية,الخ Includes bibliographical references
650 #0 - المدخل الاضافى بالموضوع-مصطلح موضوعى
مصطلح موضوعي architecture
التقسيم الفرعي العام islamic
942 ## - عناصر المدخل الإضافي( كوها)
مصدر التصنيف او مخطط الترفيف Dewey Decimal Classification
Koha [default] item type كتاب
260 ## - PUBLICATION, DISTRIBUTION, ETC. (IMPRINT)
-- cairo ;
-- new york :
Holdings
حالة التراجع حالة الفقد مصدر التصنيف او خطة الترفيف حالة تلف ليس للاعارة المكان المؤقت الموقع الحالى تاريخ الاكتساب اجمالي اﻻعارات رقم الطلب الباركود تاريخ اخر مشاهدة تاريخ تفعيل السعر نوع وعاء كوها
    ddc     مكتبة القاهرة الكبرى مكتبة القاهرة الكبرى 03/14/2015   723.3 CC/A L 159791 03/14/2015 03/14/2015 كتاب

Powered By

EGPV